Arroz : cuaderno de actualización técnica nº 61/ juan martin vallacco

Guardado en:
Autor Principal: Vallacco, Juan Martin
Formato: Libro
Publicado: Buenos Aires : Crea, 1998
Materias:
Etiquetas: Agregar Etiqueta
Sin Etiquetas, Sea el primero en etiquetar este registro!
LEADER 01396nam a22002295a 4500
001 CEM.cems016716
005 20111110121925.0
008 130507s1998##################000#0#####d
003 CEMS
082 0 4 |a 633.1 
100 1 |a Vallacco, Juan Martin 
245 1 0 |a Arroz :  |b cuaderno de actualización técnica nº 61/ juan martin vallacco 
260 |a Buenos Aires :  |b Crea,  |c 1998 
300 |a 150 p. 
505 0 |a Desarrollo, fisiología y nutrición de la planta de arroz / Nicolás Chebataroff -- Fertilización del cultivo de arroz / Nicolás Chebataroff -- Variedades de arroz / Nicolás Chebataroff -- Preparación del suelo, sistemas de siembra y maquinaria / José Tamburini, Oscar Pozzolo y Ricardo Martínez Peck -- Malezas en el cultivo de arroz / Hernán Zorrilla -- Enfermedades del arroz / Nicolás Chebataroff -- Descripción manejo de plagas / Martín Vallacco -- Riego / Raúl Arinici, Adolfo Misón y Raúl Arinci -- Cosecha / Raúl Arinci y Oscar Pozzolo -- Producción y consumo mundial / Luis E. Saint -- Modelos zonales de producción. Litoral Sur en el Movimiento CREA -- Modelos económicos / Alejandro Bustamante y Martín Vellacco 
653 |a Arroz 
653 |a Arroz-cultivo 
653 |a Arroz-producción 
653 |a Enfermedades del arroz 
653 |a Arroz-sistema de riego 
653 |a Arroz-cosecha 
859 |a CEMS  |b BIB. CEMS - Agricultura  |h 633.1  |i V244  |p A0074.00  |t Ej.1